[Event "BCF-ch 89th"]
[Site "Torquay"]
[Date "2002.08.03"]
[Round "6"]
[White "Shaw, David A"]
[Black "Tan, Desmond"]
[Result "1/2-1/2"]
[WhiteElo "2190"]
[BlackElo "2292"]
[PlyCount "29"]
[EventDate "2002.07.29"]
[EventType "swiss"]
[EventRounds "11"]
[EventCountry "ENG"]
[SourceTitle "CBM 091"]
[Source "ChessBase"]
[SourceDate "2002.11.12"]
[SourceVersion "1"]
[SourceVersionDate "2002.11.12"]
[SourceQuality "1"]

1. e4 c5 2. Nf3 d6 3. Bb5+ Bd7 4. Bxd7+ Qxd7 5. 0-0 Nc6 6. c4 Nf6 7. Nc3 g6 8. b3 Bg7 9. Re1 0-0 10. Bb2 Ne8 11. Na4 Bxb2 12. Nxb2 e5 13. d3 Nc7 14. Qd2 Kg7 15. Nd1 1/2-1/2

[Event "BCF-ch 89th"]
[Site "Torquay"]
[Date "2002.08.02"]
[Round "5"]
[White "Rowson, Jonathan"]
[Black "Tan, Desmond"]
[Result "1-0"]
[WhiteElo "2545"]
[BlackElo "2292"]
[PlyCount "57"]
[EventDate "2002.07.29"]
[EventType "swiss"]
[EventRounds "11"]
[EventCountry "ENG"]
[SourceTitle "CBM 091"]
[Source "ChessBase"]
[SourceDate "2002.11.12"]
[SourceVersion "1"]
[SourceVersionDate "2002.11.12"]
[SourceQuality "1"]

1. e4 c5 2. Nf3 d6 3. d4 cxd4 4. Nxd4 Nf6 5. Nc3 g6 6. Be3 Bg7 7. f3 0-0 8. Qd2 Nc6 9. Bc4 Bd7 10. 0-0-0 Qa5 11. Kb1 Rfc8 12. Bb3 Ne5 13. h4 Nc4 14. Bxc4 Rxc4 15. Nb3 Qc7 16. g4 Be6 17. h5 b5 18. Nxb5 Qb8 19. N5d4 a5 20. hxg6 a4 21. Nxe6 fxe6 22. gxh7+ Kh8 23. Nd4 Nd7 24. c3 Nc5 25. Bh6 Be5 26. Rh5 a3 27. b3 Bxd4 28. cxd4 Nxb3 29. Bg7+ 1-0

[Event "BCF-ch 89th"]
[Site "Torquay"]
[Date "2002.07.30"]
[Round "2"]
[White "Tan, Desmond"]
[Black "Gallagher, Joseph G"]
[Result "0-1"]
[WhiteElo "2292"]
[BlackElo "2517"]
[PlyCount "60"]
[EventDate "2002.07.29"]
[EventType "swiss"]
[EventRounds "11"]
[EventCountry "ENG"]
[SourceTitle "CBM 091"]
[Source "ChessBase"]
[SourceDate "2002.11.12"]
[SourceVersion "1"]
[SourceVersionDate "2002.11.12"]
[SourceQuality "1"]

1. e4 c5 2. Nc3 Nc6 3. Bb5 Nd4 4. Bc4 e6 5. Nf3 Nf6 6. 0-0 a6 7. e5 d5 8. exf6 dxc4 9. fxg7 Bxg7 10. d3 cxd3 11. Qxd3 Bd7 12. Nxd4 Bxd4 13. Be3 Bc6 14. f3 Rg8 15. Rf2 Qh4 16. Bxd4 0-0-0 17. Ne2 cxd4 18. a4 Rd5 19. b4 Rgd8 20. Qc4 Kb8 21. c3 e5 22. cxd4 exd4 23. g3 Qf6 24. Qd3 Re5 25. Nf4 Re3 26. Qd1 d3 27. Rb1 Qd4 28. Kg2 d2 29. Rf1 Bxf3+ 30. Rxf3 Qe4 0-1

[Event "BCF-chT 0102 (4NCL)"]
[Site "Birmingham"]
[Date "2002.01.20"]
[Round "6.7"]
[White "Stanford, Maxim Barth"]
[Black "Tan, Desmond"]
[Result "1/2-1/2"]
[WhiteElo "2282"]
[BlackElo "2281"]
[PlyCount "180"]
[EventDate "2001.09.22"]
[EventType "team"]
[EventRounds "11"]
[EventCountry "ENG"]
[SourceTitle "CBM 084 Extra"]
[Source "ChessBase"]
[SourceDate "2001.10.26"]
[SourceVersion "1"]
[SourceVersionDate "2001.10.26"]
[SourceQuality "1"]
[WhiteTeam "Slough"]
[BlackTeam "Wood Green II"]
[WhiteTeamCountry "ENG"]
[BlackTeamCountry "ENG"]

1. Nf3 Nf6 2. d4 e6 3. c4 c5 4. e3 cxd4 5. exd4 b6 6. Nc3 Bb7 7. Be2 Bb4 8. Qb3 Bxc3+ 9. bxc3 0-0 10. c5 Ba6 11. Ba3 bxc5 12. Bxc5 d6 13. Ba3 Bxe2 14. Kxe2 Qc7 15. Rhc1 Nc6 16. c4 Rac8 17. Qa4 Rfe8 18. Kf1 e5 19. d5 e4 20. Nh4 Ne5 21. Nf5 Red8 22. c5 Nd3 23. cxd6 Qb6 24. Ne7+ Kh8 25. Rc2 Rxc2 26. Qxc2 Qa6 27. Nc6 Rg8 28. d7 Nxd7 29. Bd6 Nf6 30. Qe2 Nxd5 31. Ne5 Re8 32. Kg1 Kg8 33. Nxd3 Qxd3 34. Re1 Qxe2 35. Rxe2 f5 36. h3 Rc8 37. g4 g6 38. Rd2 Nb6 39. Bf4 Kf7 40. gxf5 gxf5 41. Rd6 Rc5 42. Be3 Ra5 43. Kh2 Rxa2 44. Kg3 Nc4 45. Rd7+ Ke6 46. Rxa7 Rxa7 47. Bxa7 Ne5 48. Kf4 h6 49. Bb8 Ng6+ 50. Ke3 Kd5 51. Bg3 Kc4 52. Bc7 Kd5 53. Bg3 Ke6 54. Bc7 Ne7 55. Kd4 Nd5 56. Bb8 Nb4 57. Ke3 Nc2+ 58. Kd2 Nd4 59. Bf4 h5 60. Bc7 Nf3+ 61. Ke3 Ng1 62. Kf4 h4 63. Bd8 Nxh3+ 64. Ke3 Kd5 65. Bxh4 f4+ 66. Ke2 Ng1+ 67. Kf1 Nf3 68. Bd8 Kd4 69. Bc7 Ne5 70. Ke2 f3+ 71. Ke1 Nc4 72. Bf4 Kd3 73. Bh6 Kc2 74. Bg7 Na5 75. Bd4 Nb3 76. Bf6 Nc1 77. Bg5 Nd3+ 78. Kf1 Kd1 79. Be3 Nb2 80. Bg5 Nc4 81. Bh4 Nd2+ 82. Kg1 Ke1 83. Kh2 Nf1+ 84. Kg1 Nd2 85. Kh2 Nc4 86. Kg1 Nd6 87. Bg3 Nf5 88. Bc7 e3 89. Bb6 Kd1 90. fxe3 Nxe3 1/2-1/2

[Event "Wch U18"]
[Site "Oropesa del Mar"]
[Date "2001.11.01"]
[Round "10"]
[White "Charbonneau, Pascal"]
[Black "Tan, Desmond"]
[Result "1-0"]
[WhiteElo "2405"]
[BlackElo "2253"]
[PlyCount "91"]
[EventDate "2001.10.21"]
[EventType "swiss"]
[EventRounds "11"]
[EventCountry "ESP"]
[SourceTitle "EXT 2002"]
[Source "ChessBase"]
[SourceDate "2001.11.25"]
[SourceVersion "1"]
[SourceVersionDate "2001.11.25"]
[SourceQuality "1"]

1. Nf3 c5 2. c4 Nc6 3. Nc3 g6 4. e3 Nf6 5. d4 cxd4 6. exd4 d5 7. cxd5 Nxd5 8. Bc4 Nxc3 9. Qb3 e6 10. bxc3 Bd7 11. Bd3 Qb6 12. 0-0 Qxb3 13. axb3 Bg7 14. Ba3 a6 15. Rfe1 0-0-0 16. Bd6 Be8 17. Bg3 h6 18. Nd2 e5 19. Nc4 f6 20. Be4 b5 21. Rxa6 bxc4 22. Bxc6 cxb3 23. Bf3 Bf7 24. dxe5 fxe5 25. Rea1 h5 26. h4 Rd2 27. Rc6+ Kd8 28. Be4 Ke7 29. Rc7+ Rd7 30. Rxd7+ Kxd7 31. Ra7+ Ke6 32. Rb7 Kf6 33. Rb6+ Ke7 34. Rb7+ Kf6 35. f4 exf4 36. Bf2 Ke6 37. c4 b2 38. Bd5+ Kd6 39. Bxf7 Ra8 40. Bxg6 Ra1+ 41. Kh2 Be5 42. Rb6+ Kc7 43. Re6 Bd6 44. c5 Bf8 45. Rf6 Be7 46. Rb6 1-0

[Event "Wch U18"]
[Site "Oropesa del Mar"]
[Date "2001.10.26"]
[Round "6"]
[White "Jakubowski, Krzysztof"]
[Black "Tan, Desmond"]
[Result "1-0"]
[WhiteElo "2387"]
[BlackElo "2271"]
[PlyCount "61"]
[EventDate "2001.10.21"]
[EventType "swiss"]
[EventRounds "11"]
[EventCountry "ESP"]
[SourceTitle "EXT 2002"]
[Source "ChessBase"]
[SourceDate "2001.11.25"]
[SourceVersion "1"]
[SourceVersionDate "2001.11.25"]
[SourceQuality "1"]

1. d4 Nf6 2. Nf3 e6 3. g3 c5 4. Bg2 cxd4 5. Nxd4 d5 6. c4 Nc6 7. 0-0 Qb6 8. Nxc6 bxc6 9. Nc3 Be7 10. cxd5 Nxd5 11. Nxd5 cxd5 12. e4 d4 13. e5 Rb8 14. Qg4 g6 15. Bh6 Bf8 16. Bxf8 Kxf8 17. Qf4 Ba6 18. Rfc1 Qd8 19. Rc6 Rb6 20. Rd1 d3 21. Qf6 Qxf6 22. exf6 h5 23. Rxb6 axb6 24. Be4 Kg8 25. Bxd3 Bxd3 26. Rxd3 Kh7 27. Rd7 Ra8 28. Rxf7+ Kg8 29. Rg7+ Kf8 30. a3 Ra5 31. h4 1-0

[Event "BCF-chT 0102 (4NCL)"]
[Site "Birmingham"]
[Date "2001.09.23"]
[Round "2.6"]
[White "Tan, Desmond"]
[Black "Hunt, Harriet"]
[Result "1-0"]
[WhiteElo "2253"]
[BlackElo "2418"]
[PlyCount "75"]
[EventDate "2001.09.22"]
[EventType "team"]
[EventRounds "11"]
[EventCountry "ENG"]
[SourceTitle "CBM 084 Extra"]
[Source "ChessBase"]
[SourceDate "2001.10.26"]
[SourceVersion "1"]
[SourceVersionDate "2001.10.26"]
[SourceQuality "1"]
[WhiteTeam "Wood Green II"]
[BlackTeam "Wood Green"]
[WhiteTeamCountry "ENG"]
[BlackTeamCountry "ENG"]

1. e4 c5 2. Nc3 Nc6 3. Bb5 Nd4 4. Bc4 e6 5. Nf3 Nf6 6. 0-0 b5 7. Nxb5 Nxb5 8. Bxb5 Nxe4 9. Re1 Nd6 10. Ba4 Be7 11. d4 cxd4 12. Nxd4 0-0 13. c3 Qb6 14. Bc2 Bb7 15. a4 a5 16. Rb1 Bd5 17. b3 Bf6 18. Be3 Qb7 19. f3 e5 20. Ne2 Qc6 21. c4 Be6 22. Ng3 Rad8 23. Qd2 Nb7 24. Nh5 Bh4 25. Red1 d5 26. Bg5 Qc5+ 27. Kh1 dxc4 28. Bxd8 Rxd8 29. Qe2 Nd6 30. Ng3 f5 31. bxc4 Bxc4 32. Bb3 Bxb3 33. Rxb3 Bxg3 34. hxg3 e4 35. Rb5 Qc7 36. Rbd5 Nf7 37. Rxd8+ Nxd8 38. fxe4 1-0

[Event "BCF-chT 0102 (4NCL)"]
[Site "Birmingham"]
[Date "2001.09.22"]
[Round "1.6"]
[White "Yeo, Michael J"]
[Black "Tan, Desmond"]
[Result "1/2-1/2"]
[WhiteElo "2213"]
[BlackElo "2253"]
[PlyCount "67"]
[EventDate "2001.09.22"]
[EventType "team"]
[EventRounds "11"]
[EventCountry "ENG"]
[SourceTitle "CBM 084 Extra"]
[Source "ChessBase"]
[SourceDate "2001.10.26"]
[SourceVersion "1"]
[SourceVersionDate "2001.10.26"]
[SourceQuality "1"]
[WhiteTeam "Wessex"]
[BlackTeam "Wood Green II"]
[WhiteTeamCountry "ENG"]
[BlackTeamCountry "ENG"]

1. e4 c5 2. Nf3 d6 3. d4 cxd4 4. Nxd4 Nf6 5. Nc3 g6 6. Be3 Bg7 7. f3 0-0 8. Qd2 Nc6 9. Bc4 Bd7 10. h4 Qa5 11. 0-0-0 Rfc8 12. Bb3 Ne5 13. h5 Rxc3 14. Qxc3 Qxc3 15. bxc3 Nxh5 16. g4 Nf6 17. g5 Nh5 18. Bd5 Rb8 19. Nf5 Bxf5 20. exf5 b6 21. Rh4 Ng3 22. fxg6 Nxg6 23. Rh2 Be5 24. Bd4 Bf4+ 25. Kb2 e6 26. Bb3 Nf5 27. Rh5 Rc8 28. Bf6 d5 29. Rh3 Nf8 30. Rdh1 Ng3 31. Re1 Nf5 32. Reh1 Ng3 33. Re1 Nf5 34. Reh1 1/2-1/2

[Event "BCF-ch 88th"]
[Site "Scarborough"]
[Date "2001.08.08"]
[Round "9"]
[White "Turner, Matthew"]
[Black "Tan, Desmond"]
[Result "1/2-1/2"]
[WhiteElo "2511"]
[BlackElo "2253"]
[PlyCount "50"]
[EventDate "2001.07.30"]
[EventType "swiss"]
[EventRounds "11"]
[EventCountry "ENG"]
[SourceTitle "CBM 083 Extra"]
[Source "ChessBase"]
[SourceDate "2001.09.11"]
[SourceVersion "1"]
[SourceVersionDate "2001.09.11"]
[SourceQuality "1"]

1. d4 Nf6 2. c4 e6 3. Nc3 Bb4 4. Nf3 b6 5. Bg5 h6 6. Bh4 g5 7. Bg3 Ne4 8. Qc2 Bb7 9. e3 Bxc3+ 10. bxc3 Nxg3 11. fxg3 g4 12. Ne5 Qg5 13. Qf2 f5 14. h3 Nc6 15. Nd3 gxh3 16. Rxh3 0-0-0 17. Be2 d6 18. 0-0-0 Rdf8 19. Nf4 Qg8 20. Bf3 Na5 21. Rdh1 e5 22. Bd5 Bxd5 23. Nxd5 Qe6 24. Qe2 Kb7 25. dxe5 Qxe5 1/2-1/2